Statistics for WWE Women's Champions (1956-2010)

Click here to take the quiz!

General Stats

  • This quiz has been taken 1,178 times
  • The average score is 13 of 29

Answer Stats

Title Reigns Last Won Champion % Correct
72006Trish Stratus
94%
42006Lita
90%
52010Mickie James
71%
22010Michelle McCool
65%
32010Beth Phoenix
61%
12010Layla
59%
12001Chyna
58%
41999The Fabulous Moolah
57%
32000Ivory
51%
22004Victoria
51%
22003Molly Holly
50%
32009Melina
50%
11998Sable
48%
22000Jacqueline
44%
12000Stephanie McMahon
44%
22003Jazz
43%
31995Alundra Blayze
41%
12007Candice Michelle
37%
12003Gail Kim
34%
11999The Kat
28%
21985Wendi Richter
28%
11999Debra
26%
11994Bull Nakano
23%
11987Sherri Martel
22%
11995Bertha Faye
19%
12000Hervina
19%
11985Leilani Kai
18%
11988Rockin' Robin
17%
11986Velvet McIntyre
15%

Score Distribution

Percentile by Number Answered

Percent of People with Each Score

Your Score History

You have not taken this quiz